Normal view MARC view

Entry Geographic Name

Number of records used in: 1

001 - CONTROL NUMBER

  • control field: 187

003 - CONTROL NUMBER IDENTIFIER

  • control field: csc

005 - DATE AND TIME OF LATEST TRANSACTION

  • control field: 20140507162048.0

008 - FIXED-LENGTH DATA ELEMENTS

  • fixed length control field: 110204|||a|||||| | ||| d

040 ## - CATALOGING SOURCE

  • Original cataloging agency: csc
  • Transcribing agency: csc

151 ## - HEADING--GEOGRAPHIC NAME

  • Geographic name: Bruges (Belgium)
  • Form subdivision: Drama.

670 ## - SOURCE DATA FOUND

  • Source citation: Work cat.: (csc)0: In Bruges /, 2008.